| 000 | 02352cam a22002294a 4500 | ||
|---|---|---|---|
| 005 | 20250605163948.0 | ||
| 008 | 250528s ||||||||||||||||||||||||d | ||
| 035 | _a15296 | ||
| 020 | _a256110107 | ||
| 040 |
_aGR-AtMCL _bgre _dGR-AtMCL _eAACR2 |
||
| 245 | 1 | _aManagerial Accounting / Concepts for Planning, Control, Decision Making: Seventh Edition | |
| 250 | _a7th | ||
| 260 |
_bIrwin Mcgraw-Hill, _c1994 |
||
| 300 | _a918 | ||
| 505 | 0 | _aManagerial Accounting - A Persepective, The Foundation: Cost Terms and Concepts and Classifications, Systems Design: Job-Order Costing, Systems Design: Process Costing, Systems Design: JIT and Activity-Based Costing, The Central Theme: Planning and Control, Cost-Volume-Profit Relationships, Variable Costing: A Tool for Management, Profit Planning, Standard Costs and JIT/FMS Performance Measures, Flexible Budgets and Overhead Analysis, Segment Reporting and Profitability Analysis and Decentralization, The Capstone: Using Cost Data in Decision Making, Relevant Costs for Decision Making, Capital Budgeting Decisions, Further Aspects of Investment Decisions, Selected Topics for Further Study, Service Department Costing: An Activity Approach, How Well Am I Doing? Statement of Cash Flows, How Well Am I Doing? Financial Statement Analysis, Appendixes, Author and Subject Index. | |
| 520 | _aManagerial Accounting - A Persepective, The Foundation: Cost Terms and Concepts and Classifications, Systems Design: Job-Order Costing, Systems Design: Process Costing, Systems Design: JIT and Activity-Based Costing, The Central Theme: Planning and Control, Cost-Volume-Profit Relationships, Variable Costing: A Tool for Management, Profit Planning, Standard Costs and JIT/FMS Performance Measures, Flexible Budgets and Overhead Analysis, Segment Reporting and Profitability Analysis and Decentralization, The Capstone: Using Cost Data in Decision Making, Relevant Costs for Decision Making, Capital Budgeting Decisions, Further Aspects of Investment Decisions, Selected Topics for Further Study, Service Department Costing: An Activity Approach, How Well Am I Doing? Statement of Cash Flows, How Well Am I Doing? Financial Statement Analysis, Appendixes, Author and Subject Index. | ||
| 700 | 1 |
_aGarrison Ray H _91185 |
|
| 700 | 1 |
_aNoreen Eric W _91186 |
|
| 942 | _cBK | ||
| 999 |
_c886 _d886 |
||